[Event "SVK-chT2C 1415"]
[Site "Slovakia"]
[Date "2015.03.07"]
[Round "10.5"]
[White "Bluemelova, Zdenka"]
[Black "Kerdik, Adam"]
[Result "1-0"]
[WhiteElo "2010"]
[BlackElo "1997"]
[PlyCount "98"]
[EventDate "2014.10.11"]
[EventType "team-tourn"]
[EventRounds "11"]
[EventCountry "SVK"]
[SourceTitle "EXT 2016"]
[Source "ChessBase"]
[SourceDate "2015.10.08"]
[SourceVersion "1"]
[SourceVersionDate "2015.10.08"]
[SourceQuality "1"]
[WhiteTeam "Rajecke Teplice"]
[BlackTeam "Liptov Chess School III"]
[WhiteTeamCountry "SVK"]
[BlackTeamCountry "SVK"]

1. e4 c5 2. Nf3 d6 3. Bc4 Nf6 4. d3 e6 5. 0-0 Nc6 6. Bg5 Be7 7. Nbd2 0-0 8. a3 Rb8 9. c3 b5 10. Ba2 Bd7 11. Re1 b4 12. axb4 cxb4 13. d4 bxc3 14. bxc3 Qc7 15. Nc4 Nxe4 16. Rxe4 d5 17. Re3 dxc4 18. Bxc4 h6 19. Bh4 Bxh4 20. Nxh4 Qf4 21. g3 Qf6 22. Bd3 Rfc8 23. Nf3 Rc7 24. Nd2 Qd8 25. Ne4 Ne7 26. Nc5 Rb6 27. Be4 Bc6 28. Bc2 Qd5 29. f3 Nf5 30. Re5 Qxf3 31. Qxf3 Bxf3 32. Bxf5 exf5 33. Rxf5 Bc6 34. c4 Rb2 35. Rf2 Rxf2 36. Kxf2 Kf8 37. Ra5 Ke7 38. d5 Bd7 39. Ke3 Bc8 40. Kd4 f6 41. Ne4 Rb7 42. d6+ Kd8 43. Nc5 Rb2 44. Kd5 Rxh2 45. Rxa7 Bg4 46. Rxg7 Rd2+ 47. Ke4 f5+ 48. Ke5 Re2+ 49. Kf6 Bf3 1-0